000 02093cam a22004694i 4500
003 PE-LiUPU
005 20250731173042.0
008 171226s2014 xxua rb 001 0 eng d
020 _a9780801049651
035 _a(Sirsi) a240674
040 _aPE-LiUPU
_bspa
_cPE-LiUPU
_erda
049 _aPRUA
082 0 4 _a261.8
_bB85
_223
100 1 _aBrunner, Daniel L.,
_eautor.
245 1 0 _aIntroducing Evangelical Ecotheology :
_bfoundations in Scripture, theology, history, and praxis /
_cDaniel L. Brunner.
264 1 _aMichigan :
_bBaker Academic;
_c2014.
300 _a262 páginas :
_Bilustraciones ;
_c23 centímetros.
336 _atext
_2rdacontent
337 _aunmediated
_2rdamedia
338 _avolume
_2rdacarrier
504 _aBibliografía : páginas 256-258.
504 _aÍndice : páginas 259-252.
505 0 _a Why ecotheology? Introduction : the stories behind the story -- In the beginning : listening to the voice of scripture -- The voice of creation : the grandeur and the groaning of the earth -- Exploring ecotheology. Voices in the wilderness : Christianity's history with creation -- The God of burning bushes : Trinity and ecology -- Restoring Eden : ancient theology in an ecological age -- Doing ecotheology. Breaking the bonds : do justice, love mercy, walk lightly -- Heavenly minded, earthly good : embodying down-to-earth living -- Earthen vessels : greening the church -- Last things. Living as if : resurrection hope.
526 _aSEG42
526 _aSEG41
526 _aSEG40
526 _aSEG39
526 _aP94
526 _aP87
526 _aP86
526 _aP85
526 _aP77
526 _aP76
526 _aP35
650 0 4 _aEcotheology.
650 0 4 _aEcoteología.
910 _adbm
_bksl
_cksl
_d20171226
596 _a1
942 _2ddc
_cBOOK
999 _a261.8 B85
_wLC
_c26356
_i77728
_f2021-11-10
_g4
_lCCODEBUL1
_mBUL
_p51.50
_r0
_sY
_tBOOK
_u2017-12-26
_xTEOLOGIA
_PP85
_0DONACION
_o.STAFF. Colección Teología
_d26356
980 _81
_gALBERTO SANCHEZ Responsable de Automatización